Sustainable housing reconstruction designing resilient housing after natural disasters /

Detalhes bibliográficos
Main Authors: Charlesworth, Esther Ruth (Author), Ahmed, Iftekhar, 1962- (Author)
Formato: Recurso Electrónico livro electrónico
Idioma:English
Publicado em: London ; New York, NY : Routledge, c2015.
Assuntos:
Acesso em linha:Full text available on Taylor & Francis
LEADER 02347pam a22005177a 4500
001 AALTaylor&Francisebook000027
003 BD-DhAAL
005 20230911115616.0
006 m||||||||d||||||||
007 cr||||||||||||
008 220110s2015\\\\enkab\\\ob\\\\001\0\eng\d
010 |a  2014034933 
020 |a 0415702607 (hb : alk. paper) 
020 |a 0415702615 (pb : alk. paper) 
020 |a 9780415702607 (hb : alk. paper) 
020 |a 9780415702614 (pb : alk. paper) 
020 |a 9781315735412 (ebook : alk. paper) 
020 |a 9781317563884 
020 |a 9781317563891 
024 8 |a 10.4324/9781315735412  |2 doi 
035 |a (OCoLC)958107920 
040 |a DLC  |e rda  |b eng  |c DLC  |d BD-DhAAL 
050 0 0 |a HV554.5  |b .C43 2015 
082 0 0 |a 363.583  |2 23 
100 1 |a Charlesworth, Esther Ruth,  |e author.  |9 44657 
245 1 0 |a Sustainable housing reconstruction  |h [electronic resource] :  |b designing resilient housing after natural disasters /  |c Esther Charlesworth and Iftekhar Ahmed. 
260 |a London ;  |a New York, NY :  |b Routledge,  |c c2015. 
300 |a 1 online resource (xiv, 139 pages) 
500 |a <strong>Off-Campus Access:</strong> Athens ID and Password Required 
500 |a <strong>On-Campus Access:</strong> No User ID or Password Required 
500 |a Access type: Perpetual access 
504 |a Includes bibliographical references and index. 
526 |a ARC  |x Dr. Imon Chowdhooree Assistant Professor 
538 |a Mode of access: Internet 
541 |a Taylor & Francis  |h USD 187,00 
650 0 |a Buildings  |x Repair and reconstruction  |v Case studies.  |9 44658 
650 0 |a Disaster victims  |x Housing  |v Case studies.  |9 44659 
650 0 |a Disasters  |x Social aspects  |v Case studies.  |9 44660 
650 0 |a Ecological houses  |v Case studies.  |9 44661 
655 |a Electronic books. 
700 1 |a Ahmed, Iftekhar,  |d 1962-  |e author.  |9 44663 
852 |a Ayesha Abed Library 
856 |z Full text available on Taylor & Francis  |u https://www.taylorfrancis.com/books/9781315735412 
942 |2 ddc  |c EBK 
999 |c 43426  |d 43426 
952 |0 0  |1 0  |2 ddc  |4 0  |6 363_583000000000000_CHA  |7 0  |9 69692  |a BRACUL  |b BRACUL  |d 2022-01-10  |e Taylor & Francis  |g 15975.82  |l 0  |o 363.583 CHA  |r 2022-01-10  |t 1  |w 2022-01-10  |y EBK  |x As discussed with Acquisition team, according to invoice date (12.01.2022) of the e-book, converted USD 187.00 to BDT 15975.82